Social Media and Their Impact on Brand Perception: Trends, Formats and Digital Marketing Strategies

Súčasné trendy sociálnych médií, vo formátoch obsahu a efektívnosti kombinácie základného a plateného dosahu. Zdôraznenie dôležitosti strategického výberu platformy, personalizovaného obsahu a integrácie moderných technológií, ako je sociálny obchod a umelá inteligencia, pri formovaní vnímania značk...

Ausführliche Beschreibung

Gespeichert in:
Bibliographische Detailangaben
1. Verfasser: Korčoková, Marína, 1970-
Weitere Verfasser: Klepochová, Dagmar, 1968-
Format: Buchkapitel
Sprache:Englisch
Schlagworte:
Tags: Tag hinzufügen
Keine Tags, Fügen Sie das erste Tag hinzu!

MARC

LEADER 00000naa a2200000 4500
001 0314317
005 20260121150444.8
041 0 |a eng 
044 |a SK 
245 1 0 |a Social Media and Their Impact on Brand Perception: Trends, Formats and Digital Marketing Strategies  |c Marína Korčoková, Dagmar Klepochová 
520 |a Súčasné trendy sociálnych médií, vo formátoch obsahu a efektívnosti kombinácie základného a plateného dosahu. Zdôraznenie dôležitosti strategického výberu platformy, personalizovaného obsahu a integrácie moderných technológií, ako je sociálny obchod a umelá inteligencia, pri formovaní vnímania značky a dosahovaní konkurenčnej výhody v digitálnom prostredí. 
610 2 0 |a značky 
610 2 0 |a médiá sociálne 
610 2 0 |a marketing 
610 2 0 |a marketing elektronický 
610 2 0 |a digitalizácia 
610 2 0 |a spotrebitelia 
100 1 |a Korčoková, Marína, 1970- 
700 1 |a Klepochová, Dagmar, 1968-